| 000 | 01258cam a22003377a 4500 | ||
|---|---|---|---|
| 003 | CHAP | ||
| 005 | 20220329135223.0 | ||
| 008 | 971013s1978 r 00010 d | ||
| 010 | _a32836 | ||
| 011 | _a33808 | ||
| 035 | _a37924 | ||
| 040 | _cCHAP | ||
| 090 | _aTesis | ||
| 100 | 0 | 0 |
_aLópez Parra, Fernando. _968209 |
| 245 | 0 | _aEvaluación de diferentes relaciones de área de cuenca a área de cosecha con tres niveles de cobertura del suelo, bajo el sistema de cosecha de agua "in situ" en el cultivo del maíz forrajero en Calera, Zac. | |
| 260 |
_aMonterrey, N.L. : _bEl autor, _c1978 |
||
| 300 |
_a48 h. _b: ilus. ; grafs. |
||
| 502 | _aTesis (Ing. Agrónomo) -- Univ. Autónoma de Nuevo León | ||
| 590 |
_aALEPH _b10 _c20130110 _lUCH01 _h1256 |
||
| 590 |
_aBATCH-UPD _b10 _c20130110 _lUCH01 _h0014 |
||
| 590 |
_aBATCH-UPD _b10 _c20130110 _lUCH01 _h1651 |
||
| 590 |
_aBATCH-UPD _b10 _c20130409 _lUCH01 _h1952 |
||
| 590 |
_aBATCH-UPD _b10 _c20130410 _lUCH01 _h1040 |
||
| 590 |
_aBATCH-UPD _b10 _c20130914 _lUCH01 _h0321 |
||
| 590 |
_aCONVERSION _b10 _c20130109 _lUCH01 _h1318 |
||
| 650 | 1 | 4 |
_aAgricultura _xRegiones áridas. _91781 |
| 650 | 1 | 4 |
_aMaíz _xRegiones áridas. _971050 |
| 901 | _aBK | ||
| 942 | _cTESIS | ||
| 949 |
_bBC _cTES _d-86897 _eTS1 _i37924 _si |
||
| 999 |
_c32836 _d32836 |
||